Mi viaje por el camino del inca -1801-1802-: Quito-Cuenca-Cajamarca-Trujillo-Lima, Antología
-д хадгалсан:
| Үндсэн зохиолч: | |
|---|---|
| Формат: | Ном |
| Хэл сонгох: | испани |
| Хэвлэсэн: |
Santiago
Universitaria
2004
|
| Хэвлэл: | 1a. ed |
| Нөхцлүүд: | |
| Шошгууд: |
Шошго нэмэх
Шошго байхгүй, Энэхүү баримтыг шошголох эхний хүн болох!
|
MARC
| LEADER | 00000cam a2200000 a 4500 | ||
|---|---|---|---|
| 001 | UCC3941 | ||
| 003 | CL-VaPUC | ||
| 008 | 180622e20040600cl |||||||||||||||||spa|d | ||
| 020 | |a 9561117142 | ||
| 082 | 0 | 4 | |a 918 |b HUM |2 21 |
| 100 | 0 | |a Humbold, Alexander von |e author |9 437670 | |
| 245 | 1 | 0 | |a Mi viaje por el camino del inca -1801-1802-: Quito-Cuenca-Cajamarca-Trujillo-Lima, Antología |
| 250 | |a 1a. ed | ||
| 300 | |a 286 p | ||
| 942 | |c BK | ||
| 945 | |d 20180622 13:48:00 |a arojas | ||
| 260 | |a Santiago |b Universitaria |c 2004 | ||
| 600 | 0 | 7 | |a INCAS |2 CL-VaPUC |9 342364 |
| 650 | 7 | |a GEOGRAFIA AMERICANA |2 CL-VaPUC |9 437671 | |
| 650 | 0 | |a Historia de América |9 266076 | |
| 650 | 0 | |a Historia de Perú |9 316239 | |
| 650 | 7 | |a HISTORIA SIGLO 19 |2 CL-VaPUC |9 257187 | |
| 650 | 0 | |a Arte indígena |9 379770 | |
| 583 | |a last modification |c 20180622 13:48:00 |k Rodrigo Vera | ||
| 999 | |c 371586 |d 371584 | ||
| 952 | |0 0 |1 0 |3 erb |4 0 |6 918_000000000000000_HUM_2004 |7 0 |8 A |9 488609 |a BIBING |b BIBING |i 5477093 |o 918 HUM 2004 |p 5477093 |r 2025-01-20 |w 2019-11-24 |y BK |z Catalogado en:20180622 |k GEO | ||